000 00504nam a22001817a 4500
003 LK-CoDNM
005 20240823131059.0
008 240823b |||||||| |||| 00| 0 eng d
020 _a9786245808144
040 _aLK-CoDNM
_dLK-CoDNM
_eLK-CoDNM
041 _asin
080 _ax8c31
_bBOT
100 _aබොතේජු,නිශී
245 _aතහනම් වචනයකි ආලේ
_bThanam Wachanayaki Ale
260 _aColombo
_bNishee Publication
300 _a328p,22cm
942 _cBK
999 _c148842
_d148842